| 000 | 01138cam a2200265 a 4500 | ||
|---|---|---|---|
| 999 |
_c100732 _d100732 |
||
| 001 | 12964483 | ||
| 003 | ARRUPE | ||
| 005 | 20170601110601.0 | ||
| 008 | 021011s2003 inu b s001 0 eng | ||
| 010 | _a 2002151586 | ||
| 020 | _a0253342570 (cloth : alk. paper) | ||
| 020 | _a0253216087 (pbk. : alk. paper) | ||
| 040 |
_aDLC _cDLC _dDLC |
||
| 043 | _af-rh--- | ||
| 050 | 0 | 0 |
_aDT2984.C56 _bW48 2003 |
| 082 | 0 | 0 |
_a968.9105/1 _221 |
| 100 | 1 |
_aWhite, Luise. _911034 |
|
| 245 | 1 | 4 |
_aThe assassination of Herbert Chitepo : _btexts and politics in Zimbabwe / _cLuise White. |
| 260 |
_aBloomington : _bIndiana University Press ; _aCape Town, South Africa : _bDouble Storey Books, _c2003. |
||
| 300 |
_axiii, 139 p. ; _c24 cm. |
||
| 504 | _aIncludes bibliographical references (p. [131]-136) and index. | ||
| 600 | 1 | 0 |
_aChitepo, H. W. _xAssassination. _928985 |
| 651 | 0 |
_aZimbabwe _xPolitics and government _y1980- _931879 |
|
| 906 |
_a7 _bcbc _corignew _d1 _eecip _f20 _gy-gencatlg |
||
| 942 |
_2lcc _cMONOGRAPH |
||